| 000 | 00833nam a2200253 i 4500 | ||
|---|---|---|---|
| 001 | 180599 | ||
| 003 | ES-MaACL | ||
| 005 | 20230906221137.0 | ||
| 008 | 120615 1972 sp af |||| |b | ||
| 080 | _a75Angelico, fra | ||
| 100 | 0 |
_aAngelico _cfra. _9150607 |
|
| 245 | 1 | 3 |
_aLa obra pictórica de Fra Angélico / _cintroducción de Elsa Morante ; biografía y estudios críticos de Umberto Baldini. |
| 260 |
_aBarcelona : _bNoguer, _c[1972] ( _fRizzoli) |
||
| 300 |
_a119 p. : _bil. col. y n. ; _c32 cm. |
||
| 490 | 1 |
_aClásicos del arte ; _v26 |
|
| 500 | _aÍndices. | ||
| 504 | _aBibliografía: p. 82. | ||
| 600 | 1 | 7 |
_aAngelico _cfra. _9150607 |
| 700 | 1 |
_aMorante, Elsa. _983142 |
|
| 700 | 1 |
_aBaldini, Umberto. _9150608 |
|
| 830 | 0 |
_aClásicos del arte ; _v26 _9191252 |
|
| 852 |
_aES-MaACL _jL-31061 |
||
| 999 |
_c180599 _d180599 |
||